| LEADER | 01532nam a2200313 a 4500 | ||
|---|---|---|---|
| 001 | GR-MES706 | ||
| 008 | 991111s19uu gr 000 0 gre d | ||
| 020 | |a 9604000365 | ||
| 040 | |a GrPaTEI |b gre |c GR-PaULI | ||
| 245 | 0 | 2 | |a Η αίγα (η γίδα) : |b Εγκόλπιο του αιγοτρόφου. Φυλές-εκτροφή-διατροφή-αποδόσεις-ασθένειες- μελέτες. |
| 260 | |a Αθήνα : |b Πελεκάνος, |c [19--] | ||
| 300 | |a 275 σελ.,εικ.,πιν. | ||
| 650 | 4 | |a ΑΙΓΑ | |
| 650 | 4 | |a Ασθένειες | |
| 650 | 4 | |a ΓΙΔΑ | |
| 650 | 4 | |a Διατροφή | |
| 650 | 4 | |a Εκτροφή | |
| 650 | 4 | |a Ιστορία | |
| 650 | 4 | |a Μελέτες | |
| 650 | 4 | |a Προιοντα | |
| 650 | 4 | |a Φυλές | |
| 700 | 1 | |a Ευσταθίου, Λουκάς | |
| 710 | 0 | |a Πελεκάνος | |
| 942 | |2 ddc | ||
| 952 | |0 0 |1 0 |2 ddc |4 0 |6 636_390000000000000_ΕΥΣ |7 0 |9 264160 |a MSLG |b MSLG |c BSC |d 2021-01-17 |e 24 |f 0 |g 0.00 |l 0 |o 636.39 ΕΥΣ |p 2420000005774 |r 2021-01-17 00:00:00 |t 1 |w 2021-01-17 |y BK15 |x 19991111 0 1 |x GrPaTEI | ||
| 952 | |0 0 |1 0 |2 ddc |4 0 |6 636_390000000000000_ΕΥΣ |7 0 |9 321919 |a MSLG |b MSLG |c BSC |d 2021-01-23 |e 24 |f 0 |g 0.00 |l 0 |o 636.39 ΕΥΣ |p 2420000018037 |r 2021-01-23 00:00:00 |t 1 |w 2021-01-23 |y BK15 |x 20000308 0 1 |x GrPaTEI | ||
| 952 | |0 0 |1 0 |2 ddc |4 0 |6 636_390000000000000_ΕΥΣ |7 0 |9 321920 |a MSLG |b MSLG |c BSC |d 2021-01-23 |e 24 |f 0 |g 0.00 |l 0 |o 636.39 ΕΥΣ |p 2420000065774 |r 2021-01-23 00:00:00 |t 1 |w 2021-01-23 |y 7 |x 19991215 0 1 |x GrPaTEI | ||
| 971 | |a .b25717479 |b 16-04-20 |c 13-09-16 | ||
| 999 | |c 152022 |d 152022 | ||